Datum a čas kvízu
24.5
Celkem bodů
Celkový počet nahraných bodů na tomto kvízu bez doplňovacích otázek.
3.
Pořadí na kvízu
Konečné umístění týmu na tomto kvízu.
Zaznamenané odpovědi
| # | Otázka | Odpověď | Body | Výsledky |
|---|---|---|---|---|
| 1. | Ručně a stručně vyřešila své p... | v Brně | 1 | |
| 2. | Vláda jedné země chystá poměrn... | Austrálie | 0 | |
| 3. | Minulý týden byl zveřejněn tea... | Marty Pohl, Řezník | 0.5 | |
| 4. | Minulý týden jsme se dozvěděli... | 5 000 Kčs | 0 | |
| 5. | Ve kterém hlavním městě ležící... | v Rijádu | 0 | |
| 6. | Napište názvy dvou filmů Zacka... | 300: Bitva u Thermopyl, 300: Vzestup říše | 0.5 | |
| 7. | Přiřaďte následující herce k p... | 1C 2B 3D 4A | 1 | |
| 8. | Německý film režiséra Edwarda... | Na západní frontě klid, Erich Maria Remarque | 1 | |
| 9. | Film Pianista byl natočen v ro... | Adrien Brody, Roman Polański | 0.5 | |
| 10. | Napište název filmu, z něhož p... | Nepřítel před branami | 1 |